Exploring lifespan development / (Record no. 438)
[ view plain ]
| 000 -LEADER | |
|---|---|
| fixed length control field | 00932nam a2200277 a 4500 |
| 003 - CONTROL NUMBER IDENTIFIER | |
| control field | ALUPE UNIVERSITY |
| 005 - DATE AND TIME OF LATEST TRANSACTION | |
| control field | 20210813093504.0 |
| 008 - FIXED-LENGTH DATA ELEMENTS--GENERAL INFORMATION | |
| fixed length control field | 070612s2008 maua b 001 0 eng d |
| 020 ## - INTERNATIONAL STANDARD BOOK NUMBER | |
| International Standard Book Number | 9780205522682 (pbk.) : |
| 020 ## - INTERNATIONAL STANDARD BOOK NUMBER | |
| International Standard Book Number | 0205522688 (pbk.) : |
| 020 ## - INTERNATIONAL STANDARD BOOK NUMBER | |
| International Standard Book Number | 9780205678693 (International ed.) |
| 020 ## - INTERNATIONAL STANDARD BOOK NUMBER | |
| International Standard Book Number | 0205678696 (International ed.) |
| 040 ## - CATALOGING SOURCE | |
| Transcribing agency | ALUPE UNIVERSITY |
| 042 ## - AUTHENTICATION CODE | |
| Authentication code | ukblsr |
| 050 ## - LIBRARY OF CONGRESS CALL NUMBER | |
| Classification number | BF713 |
| Item number | .B465 2008 |
| 060 #4 - NATIONAL LIBRARY OF MEDICINE CALL NUMBER | |
| Classification number | BF713 |
| Item number | BER |
| 100 1# - MAIN ENTRY--PERSONAL NAME | |
| Personal name | Berk, Laura E. |
| 245 10 - TITLE STATEMENT | |
| Title | Exploring lifespan development / |
| Statement of responsibility, etc. | Laura Berk. |
| 260 ## - PUBLICATION, DISTRIBUTION, ETC. | |
| Place of publication, distribution, etc. | Boston, Mass. ; |
| -- | London : |
| Name of publisher, distributor, etc. | Pearson/Allyn and Bacon, |
| Date of publication, distribution, etc. | c2008. |
| 300 ## - PHYSICAL DESCRIPTION | |
| Extent | 1 v. (various pagings) : |
| Other physical details | ill. ; |
| Dimensions | 28 cm. |
| 504 ## - BIBLIOGRAPHY, ETC. NOTE | |
| Bibliography, etc. note | Includes bibliographical references and index. |
| 650 #0 - SUBJECT ADDED ENTRY--TOPICAL TERM | |
| Topical term or geographic name entry element | Developmental psychology. |
| 942 ## - ADDED ENTRY ELEMENTS (KOHA) | |
| Source of classification or shelving scheme | |
| Koha item type | Book |
| Suppress in OPAC | SO |
| Withdrawn status | Lost status | Source of classification or shelving scheme | Damaged status | Not for loan | Permanent Location | Current Location | Shelving location | Date acquired | Source of acquisition | Total Checkouts | Full call number | Barcode | Date last seen | Copy number | Price effective from | Koha item type | Public note | Date last checked out |
|---|---|---|---|---|---|---|---|---|---|---|---|---|---|---|---|---|---|---|
| AU LIBRARY | AU LIBRARY | Open Shelf | 14.06.2021 | DONATION FROM MOI UNIVERSITY | BF713 .B465 2008 C1 | 28000038 | 14.06.2021 | 1 | 14.06.2021 | Book | SO | |||||||
| AU LIBRARY | AU LIBRARY | Open Shelf | 13.08.2021 | DONATION FROM MOI UNIVERSITY | 1 | BF713 .B465 2008 C2 | 28004202 | 20.05.2022 | 2 | 13.08.2021 | Book | JO | 11.05.2022 |